Režim teploty podzemnej vody Východoslovenskej nížiny a Košickej kotliny

Bibliographic Details
Main Author: Zaťko, M. (Author)
Other Authors: Guňovska, N. (Translator), Miššeje, P. (Translator)
Format: Article
Language:Slovak

MARC

LEADER 00000nab a2200000uu 4500
001 vtls010900632
003 SK-MaSNL
005 20260303141754.0
008 230222|1979 xo |||||||||||||||||slo|
015 |a SNBRB 
035 |a (urnnbn)urn:nbn:sk:snk:ar-a07ljj 
035 |a (uuid)772bee5a-ee97-4fe9-9c6e-cf49c866d02a 
035 |a urn:nbn:sk:snk-ab8sba 
040 |a SNKBUCL  |b slo  |c SNKBUCL  |e AACR2 
041 0 |a slo 
044 |a xo  |c SK 
100 1 |a Zaťko, M.  |4 aut  |9 452194 
245 1 0 |a Režim teploty podzemnej vody Východoslovenskej nížiny a Košickej kotliny  |c M. Zaťko, N. Guňovska, P. Miššeje 
700 1 |a Guňovska, N.  |4 trl  |9 1161580 
700 1 |a Miššeje, P.  |4 trl  |9 1160788 
773 0 |t Acta Facultatis rerum naturalium Universitatis Comenianae  |g Roč. 17, č. 17 (1979), s. 59-87 
954 |a odborná, vedecká literatúra pôvodná (slovenská)  |2 lita 
958 |a OND 
958 |a EUIPO 
958 |a article10 
999 |c 1978649  |d 1980579